000
00293nam a2200109Ia 4500
008
180205s9999 xx 000 0 und d
020
_a
866121218
100
_a
Woods, Robert H.
245
_a
Human resources management /
260
_a
USA
_b
Educational Institute
_c
1995
300
_a
ix, 475 pages
999
_c
354856
_d
354856